MARC

LEADER 00000nam0a2200000 4500
001 248924
005 20231101232430.0
010 |a 5279001651 
020 |a RU  |b 88-79995 
035 |a (RuTPU)RU\TPU\book\270848 
090 |a 248924 
100 |a 20140128d1988 k a0rusy5003 ca 
101 0 |a rus 
102 |a RU 
105 |a y i 000zy 
200 1 |a Сельское хозяйство СССР  |e статистический сборник  |f СССР, Государственный комитет по статистике (Госкомстат СССР) 
210 |a Москва  |c Финансы и статистика  |d 1988 
215 |a 534 с. 
606 1 |a Сельское хозяйство  |x Экономика  |2 stltpush  |3 (RuTPU)RU\TPU\subj\36907  |9 58112 
610 1 |a СССР 
610 1 |a статистика 
610 1 |a социально-экономический прогресс 
610 1 |a перестройка 
610 1 |a товарооборот 
610 1 |a материально-техническая база 
610 1 |a агропромышленный комплекс 
610 1 |a интеграция 
610 1 |a производительность труда 
686 |a У9(2)32  |2 rubbk 
712 0 1 |a СССР  |b Государственный комитет по статистике (Госкомстат СССР)  |c (Москва)  |c (1987-1991)  |2 stltpush  |3 (RuTPU)RU\TPU\col\16086 
801 0 |a RU  |b RuMRKP  |c 19960705  |g psbo 
801 1 |a RU  |b 63413507  |c 20140128 
801 2 |a RU  |b 63413507  |c 20140210  |g RCR 
942 |c BK